The woman who rides like a man / (Record no. 31148)

MARC details
000 -LEADER
fixed length control field 01382pam a2200397 a 4500
001 - CONTROL NUMBER
control field sjdszswift b1128231
003 - CONTROL NUMBER IDENTIFIER
control field sjds
005 - DATE AND TIME OF LATEST TRANSACTION
control field 20251114070626.0
008 - FIXED-LENGTH DATA ELEMENTS--GENERAL INFORMATION
fixed length control field 850827s1986 nyuab d 00011 eng
020 ## - INTERNATIONAL STANDARD BOOK NUMBER
International Standard Book Number 9780689878589 (Simon Pulse pbk.)
020 ## - INTERNATIONAL STANDARD BOOK NUMBER
International Standard Book Number 9780689854293
020 ## - INTERNATIONAL STANDARD BOOK NUMBER
International Standard Book Number 9781442427655 (trade pbk.)
020 ## - INTERNATIONAL STANDARD BOOK NUMBER
International Standard Book Number 0689311176 :
Terms of availability $12.95
020 ## - INTERNATIONAL STANDARD BOOK NUMBER
International Standard Book Number 067980112X (Random pbk.)
020 ## - INTERNATIONAL STANDARD BOOK NUMBER
International Standard Book Number 0689854293
024 ## - OTHER STANDARD IDENTIFIER
Source of number or code UPC
Standard number or code 090129004997
040 ## - CATALOGING SOURCE
Transcribing agency sjds
041 ## - LANGUAGE CODE
Language code of text/sound track or separate title eng
100 10 - MAIN ENTRY--PERSONAL NAME
Personal name Pierce, Tamora.
245 14 - TITLE STATEMENT
Title The woman who rides like a man /
Statement of responsibility, etc. Tamora Pierce.
250 ## - EDITION STATEMENT
Edition statement 1st ed.
260 0# - PUBLICATION, DISTRIBUTION, ETC. (IMPRINT)
Place of publication, distribution, etc. New York :
Name of publisher, distributor, etc. Atheneum,
Date of publication, distribution, etc. 1986.
300 ## - PHYSICAL DESCRIPTION
Extent 253 p. :
Other physical details ill., map ;
Dimensions 22 cm.
490 1# - SERIES STATEMENT
Series statement Song of the lioness
Volume/sequential designation bk. 3.
500 ## - GENERAL NOTE
General note "An Argo book."
520 ## - SUMMARY, ETC.
Summary, etc. On her first tour as a knight errant, Alanna assumes a position of influence with a fierce desert tribe, makes some changes in the role of women in the society, and continues her own emotional development.
600 00 - SUBJECT ADDED ENTRY--PERSONAL NAME
Personal name Alanna,
Titles and other words associated with a name of Trebond
-- (Fictitious character)
Form subdivision Fiction.
650 #0 - SUBJECT ADDED ENTRY--TOPICAL TERM
Topical term or geographic name as entry element Knights and knighthood
Form subdivision Fiction.
650 #0 - SUBJECT ADDED ENTRY--TOPICAL TERM
Topical term or geographic name as entry element Sex role
Form subdivision Fiction.
650 #0 - SUBJECT ADDED ENTRY--TOPICAL TERM
Topical term or geographic name as entry element Magic
Form subdivision Fiction.
655 #7 - INDEX TERM--GENRE/FORM
Genre/form data or focus term Fantasy fiction.
Source of term lcgft.
655 #0 - INDEX TERM--GENRE/FORM
Genre/form data or focus term Young adult fiction.
800 1# - SERIES ADDED ENTRY--PERSONAL NAME
Personal name Pierce, Tamora.
Title of a work Song of the Lioness ;
Volume/sequential designation 3.
830 #0 - SERIES ADDED ENTRY--UNIFORM TITLE
Uniform title Song of the lioness ;
Volume number/sequential designation 3.
942 ## - ADDED ENTRY ELEMENTS (KOHA)
Koha item type Libro/Book
Holdings
Withdrawn status Lost status Damaged status Not for loan Home library Current library Date acquired Inventory number Total Checkouts Full call number Barcode Date last seen Price effective from Koha item type
        San Juan Del Sur -- Biblioteca San Juan Del Sur -- Biblioteca 14/11/2025 Inventory date: 15-5-25   YA PIE 30000747 14/11/2025 14/11/2025 Libro/Book

Powered by Koha